00427nam a22001337a 4500003000400000005001700004008004100021040002300062050002200085245009800107260002700205300001300232650004800245OSt20190314092109.0190314b ||||| |||| 00| 0 eng d aMMUbengcMMUdMMU aHC800.M33152 2014 aThe Macroeconomics of Africas Recent Growth/cedited by S.Ibi Ajayi and Shantayanan Devarajan aNairobi:bAERC,c2014. aVI,403P; aThe macroeconomics of Africas Recent Growth